Movies Quiz

Random Movies or Quote Quiz

'Gladiator' Vengeance Speech Quiz Stats

 Plays Quiz Updated Sep 6, 2019

Score 0/49 Timer 03:00
1 Play Today
% Correct
I
95.6%
a
94.4%
a
94.4%
the
89.3%
the
88.9%
the
88.6%
the
88.3%
the
88.3%
My
87.4%
is
87.3%
my
85.6%
Maximus
83.3%
name
82.5%
to
82%
to
82%
to
81.8%
will
81%
and
79.4%
And
78.4%
son,
78%
wife.
77.6%
of
76.7%
of
76.3%
Father
76.1%
of
75.9%
% Correct
have
75%
murdered
74%
murdered
74%
husband
74%
in
74%
this
71.4%
life
70.6%
or
70.3%
next.
67.4%
vengeance,
62.5%
emperor,
57.7%
North,
55.8%
TRUE
55%
commander
54.4%
Decimus
53.1%
Armies
51.4%
General
50.7%
Marcus
49.7%
Meridius,
48.2%
loyal
44%
Aurelius.
43.9%
servant
42.6%
Legions,
38.3%
Felix
25.7%

You're not logged in!

Compare scores with friends on all Sporcle quizzes.
OR
Log In

Sporcle TV

Today on Sporcle TV


Watch our educational content, quiz creation guides, and fun videos on Sporcle TV.

Show Comments

Extras

Top Quizzes Today


Score Distribution

Your Account Isn't Verified!

In order to create a playlist on Sporcle, you need to verify the email address you used during registration. Go to your Sporcle Settings to finish the process.

Report this User

Report this user for behavior that violates our Community Guidelines.

Details: